00401nam a2200157Ia 450000500170000000800410001702000150005808200150007324500390008825000090012726000450013630000130018165000110019465000130020570000250021820240528050230.0240331s9999 xx 000 0 und d a0333929098 bWOMa338.9 0aWomen in development in South Asia a1 st aNew DelhibMacmillan India limitedc1989 a337 p ., aSocial aEconomic aKanesalingam. veedt